Mannual of practical physiology (Record no. 196210)

MARC details
000 -LEADER
fixed length control field 00413nam a22001577a 4500
005 - DATE AND TIME OF LATEST TRANSACTION
control field 20230606160548.0
010 ## - LCCN (DPL NO)
LC control number B-680738
020 ## - INTERNATIONAL STANDARD BOOK NUMBER
Terms of availability 275.00
035 ## - SYSTEM CONTROL NUMBER
System control number B-680738
100 ## - MAIN ENTRY--PERSONAL NAME
Personal name Jain,A.K
245 ## - TITLE STATEMENT
Title Mannual of practical physiology
Statement of responsibility, etc A.K.Jain
260 ## - PUBLICATION, DISTRIBUTION, ETC. (IMPRINT)
Place of publication, distribution, etc Delhi
Name of publisher, distributor, etc Pansy Books
270 ## - ADDRESS
Address Somesh Vihar,Chhawla,
City Delhi
Postal code 110071
300 ## - PHYSICAL DESCRIPTION
Extent vp.
Dimensions 22cm
942 ## - ADDED ENTRY ELEMENTS (KOHA)
Source of classification or shelving scheme Dewey Decimal Classification
Item type English Books
Call number suffix JAI
Classification part 000
Holdings
Withdrawn status Lost status Not for loan Collection code Home library Current library Date acquired Cost, normal purchase price Full call number Barcode Copy number Cost, replacement price Koha item type
      Non-fiction Sarojini Nagar Sarojini Nagar 06/06/2023 275.00 000 JAI B-680738 1 275.00 English Books

© Delhi Public Library
Hit Counter
free hit counter